000 00495nam a2200157Ia 4500
008 210716s1991 xx 000 0 und d
020 _a0399136509
041 _aeng
082 _a658.4013 BOWJ
100 _aBowles, Jerry;Hammond, Joshua.
245 _aBeyond quality: how 50 winning companies use continuous improvement.
_bHow 50 winning companies use continuous improvement.
250 _a1
260 _aNew York
_bG P Putnams Sons
_c1991
300 _a254
650 _aGeneral Management
999 _c199625
_d199625